| 000 | 00542nam a2200181Ia 4500 | ||
|---|---|---|---|
| 999 |
_c8983 _d8983 |
||
| 003 | OSt | ||
| 005 | 20201007131122.0 | ||
| 008 | 190216s9999||||xx |||||||||||||| ||und|| | ||
| 020 | _a9788126518869 | ||
| 040 | _coclc | ||
| 082 |
_a005.7585 _bKNI/P |
||
| 100 |
_aKnight, Brian _95390 |
||
| 245 | 0 |
_aProfessional Microsoft SQL Server 2008 Integration Services / _cBrian Knight |
|
| 260 |
_bWiley India, _aNew Delhi: _c2009. |
||
| 300 | _a972p | ||
| 650 | _aComputer | ||
| 942 |
_cBK _2ddc _h005.7585 _iKNI/P _k005.7585 _mKNI/P |
||